000 00340nam a22001457a 4500
020 _a978-81-219-2596-9
041 _aENG
100 _aS. Chand
245 _aA TexBook of Matrices
260 _aDelhi
_bS Chand and Company Limited
_c2019
300 _a309
650 _aMathmatics
700 _aP.K Mittal , Shanti Narayan
856 _uMaths
999 _c28
_d28